[Event "Bad Woerishofen Seniors op 39th"]
[Site "Bad Woerishofen"]
[Date "2024.03.09"]
[Round "2"]
[White "Wild, Helmut"]
[Black "Rubke, Manfred"]
[Result "1/2-1/2"]
[WhiteElo "1953"]
[BlackElo "2109"]
[PlyCount "31"]
[EventDate "2024.03.08"]
[EventType "swiss"]
[EventRounds "9"]
[EventCountry "GER"]
[SourceTitle "CB13_2024"]
[SourceDate "2024.03.27"]
[SourceVersion "1"]
[SourceVersionDate "2024.03.27"]
[SourceQuality "1"]

1. c4 Nf6 2. Nc3 g6 3. e4 d6 4. d4 Bg7 5. f4 0-0 6. Be2 c6 7. Nf3 Qc7 8. 0-0 Bg4 9. Be3 Kh8 10. Rc1 Nbd7 11. b4 Rad8 12. Qb3 Ng8 13. h3 Bxf3 14. Bxf3 e6 15. d5 a6 16. g4 1/2-1/2

[Event "Rheinland Pfalz Seniors op"]
[Site "Altenkirchen"]
[Date "2023.09.11"]
[Round "7"]
[White "Wild, Helmut"]
[Black "Bruns, Patrick"]
[Result "1-0"]
[WhiteElo "1914"]
[BlackElo "1742"]
[PlyCount "164"]
[EventDate "2023.09.05"]
[EventType "swiss"]
[EventRounds "9"]
[EventCountry "GER"]
[SourceTitle "EXT 2024"]
[Source "ChessBase"]
[SourceDate "2023.10.10"]
[SourceVersion "1"]
[SourceVersionDate "2023.10.10"]
[SourceQuality "1"]

1. c4 Nf6 2. Nc3 c5 3. Nf3 Nc6 4. d4 cxd4 5. Nxd4 e5 6. Ndb5 d6 7. e4 a6 8. Na3 Be7 9. Nc2 0-0 10. Be2 Bd7 11. 0-0 Na7 12. a4 Qb8 13. Be3 b5 14. axb5 axb5 15. Bxa7 Rxa7 16. Rxa7 Qxa7 17. cxb5 Qb7 18. f3 Qb6+ 19. Kh1 Be6 20. Nb4 Rc8 21. Nc6 Bf8 22. Qd3 Ra8 23. g4 g5 24. Kg2 h5 25. Qd2 Bh6 26. Qxd6 Qe3 27. Qxe5 Bg7 28. Ne7+ Kh7 29. Nf5 Bxf5 30. Qxf5+ Kh6 31. h4 gxh4 32. g5+ Qxg5+ 33. Qxg5+ Kxg5 34. e5 Nd7 35. f4+ Kh6 36. Rd1 Nc5 37. Rd6+ Kh7 38. b6 Ne6 39. b7 Rb8 40. Bf3 Nxf4+ 41. Kh1 Bxe5 42. Be4+ Kg7 43. Rd7 Kf6 44. Na4 h3 45. Nc5 Rg8 46. Rd2 Bb8 47. Nd7+ Ke6 48. Nxb8 Rxb8 49. Rc2 Nd5 50. Rc5 Ne7 51. b4 Kd6 52. Kh2 Kd7 53. Kxh3 Ke6 54. Kh4 Kf6 55. Ra5 Ng6+ 56. Kg3 Ne5 57. Ra8 Nd7 58. Bc6 Ke6 59. Kh3 f5 60. b5 Kd6 61. Bxd7 Rxb7 62. Bc6 Rg7 63. Rh8 Rg1 64. Rxh5 Ke5 65. Kh2 Rg6 66. Rh3 Kd6 67. Rg3 Rh6+ 68. Kg2 Ke5 69. Rf3 f4 70. Rh3 Rg6+ 71. Kf3 Kd4 72. Kxf4 Rf6+ 73. Kg5 Rf8 74. Rh6 Kc5 75. Rf6 Rd8 76. Kf5 Rd1 77. Ke6 Rd2 78. Rf5+ Kb6 79. Ke7 Rh2 80. Kd7 Rh7+ 81. Kc8 Rc7+ 82. Kb8 Rh7 1-0

[Event "Altenkirchen Seniors op 19th"]
[Site "Altenkirchen"]
[Date "2022.07.22"]
[Round "4"]
[White "Wild, Helmut"]
[Black "Platten, Herbert"]
[Result "1-0"]
[WhiteElo "1861"]
[BlackElo "1735"]
[PlyCount "69"]
[EventDate "2022.07.19"]
[EventType "swiss"]
[EventRounds "9"]
[EventCountry "GER"]
[SourceTitle "CBM 209 Extra"]
[Source "ChessBase"]
[SourceDate "2022.09.30"]
[SourceVersion "1"]
[SourceVersionDate "2022.09.30"]
[SourceQuality "1"]

1. c4 Nf6 2. Nc3 e6 3. e4 d6 4. d4 Be7 5. f4 0-0 6. Nf3 Re8 7. Be2 c5 8. d5 exd5 9. cxd5 Bf8 10. Qc2 Bg4 11. 0-0 a6 12. a4 Nbd7 13. h3 Bxf3 14. Bxf3 g6 15. Bd2 Bg7 16. Kh1 Kh8 17. Be1 Ng8 18. Bg3 Ne7 19. Bh4 f6 20. g4 h6 21. Bg3 Nf8 22. Rae1 Qc7 23. Re2 g5 24. h4 Nh7 25. hxg5 hxg5 26. e5 Kg8 27. Rh2 Nf8 28. exd6 Qxd6 29. Ne4 Qb6 30. d6 Nd7 31. dxe7 Rxe7 32. fxg5 Rae8 33. Nd6 Ne5 34. Nxe8 Rxe8 35. Bd5+ 1-0

[Event "Arco op 42nd"]
[Site "Arco"]
[Date "2020.10.18"]
[Round "9.30"]
[White "Wild, Helmut"]
[Black "Cortese, Lina"]
[Result "1/2-1/2"]
[WhiteElo "1883"]
[BlackElo "1638"]
[PlyCount "83"]
[EventDate "2020.10.10"]
[EventType "swiss"]
[EventRounds "9"]
[EventCountry "ITA"]
[SourceTitle "CBM 198 Extra"]
[Source "ChessBase"]
[SourceDate "2020.11.30"]
[SourceVersion "1"]
[SourceVersionDate "2020.11.30"]
[SourceQuality "1"]

1. c4 e6 2. g3 c6 3. e4 d5 4. exd5 exd5 5. cxd5 Qxd5 6. Qf3 Nf6 7. Bg2 Qxf3 8. Nxf3 Bc5 9. 0-0 0-0 10. d4 Bd6 11. Nc3 Be6 12. Ng5 Bc4 13. Re1 h6 14. Nge4 Nxe4 15. Nxe4 Bb4 16. Re3 f5 17. a3 Ba5 18. Nd6 Ba6 19. Rf3 Nd7 20. Nxf5 Rae8 21. Ne3 Nf6 22. b4 Bb6 23. Bb2 Be2 24. Rf5 Bd3 25. Re5 Rd8 26. Re7 Rf7 27. Rxf7 Kxf7 28. Rd1 Bb5 29. h3 Ba4 30. Rd2 Bb3 31. Rd3 Be6 32. a4 a5 33. b5 cxb5 34. d5 Bd7 35. axb5 Bc5 36. d6 b6 37. Bc6 Bxh3 38. Nc4 Bf5 39. Rf3 Be6 40. Ne5+ Kf8 41. Ng6+ Kf7 42. Ne5+ 1/2-1/2

[Event "Muensterland Regionalliga 1920"]
[Site "Germany"]
[Date "2020.02.22"]
[Round "7.6"]
[White "Boelker, Franz"]
[Black "Wild, Helmut"]
[Result "1/2-1/2"]
[WhiteElo "1762"]
[BlackElo "1871"]
[PlyCount "68"]
[EventDate "2019.09.07"]
[EventType "team-tourn"]
[EventRounds "7"]
[EventCountry "GER"]
[SourceTitle "EXT 2023"]
[Source "ChessBase"]
[SourceDate "2022.10.05"]
[SourceVersion "1"]
[SourceVersionDate "2022.10.05"]
[SourceQuality "1"]
[WhiteTeam "Raesfeld Erle II"]
[BlackTeam "Steinfurt"]
[WhiteTeamCountry "GER"]
[BlackTeamCountry "GER"]

1. d4 d5 2. c4 c6 3. Nc3 Nf6 4. Nf3 a6 5. cxd5 cxd5 6. Bg5 Nc6 7. e3 Bf5 8. Be2 e6 9. 0-0 Be7 10. Rc1 0-0 11. Nh4 Ne4 12. Bxe7 Qxe7 13. Nxf5 exf5 14. Nxd5 Qd6 15. Nf4 b5 16. Nd3 Nb4 17. a3 Nxd3 18. Bxd3 g6 19. Bxe4 fxe4 20. Rc5 h5 21. Qc2 Rfe8 22. Rc1 Kg7 23. Rc7 Re7 24. Rxe7 Qxe7 25. Qc6 Ra7 26. h3 f5 27. Qc5 Kf6 28. Qxe7+ Rxe7 29. Rc6+ Re6 30. Rxe6+ Kxe6 31. g3 g5 32. h4 g4 33. Kf1 a5 34. b3 b4 1/2-1/2

[Event "Arco op 41st"]
[Site "Arco"]
[Date "2019.10.10"]
[Round "7"]
[White "Simeone, Giulio"]
[Black "Wild, Helmut"]
[Result "0-1"]
[WhiteElo "2004"]
[BlackElo "1870"]
[PlyCount "42"]
[EventDate "2019.10.04"]
[EventType "swiss"]
[EventRounds "9"]
[EventCountry "ITA"]
[SourceTitle "EXT 2020"]
[Source "ChessBase"]
[SourceDate "2019.10.17"]
[SourceVersion "1"]
[SourceVersionDate "2019.10.17"]
[SourceQuality "1"]

1. c4 c6 2. e4 d5 3. exd5 cxd5 4. cxd5 Nf6 5. Bb5+ Nbd7 6. Nf3 a6 7. Ba4 b5 8. Bc2 Nxd5 9. d4 Bb7 10. Nc3 N7f6 11. 0-0 e6 12. Re1 Be7 13. Bg5 Rc8 14. Nxd5 Nxd5 15. Bxe7 Qxe7 16. Rc1 0-0 17. Qd3 g6 18. Qd2 Rfd8 19. Be4 Kg7 20. h4 h6 21. h5 g5 0-1

[Event "Arco op 41st"]
[Site "Arco"]
[Date "2019.10.08"]
[Round "5"]
[White "Schulz, Michael"]
[Black "Wild, Helmut"]
[Result "1-0"]
[WhiteElo "2146"]
[BlackElo "1870"]
[PlyCount "61"]
[EventDate "2019.10.04"]
[EventType "swiss"]
[EventRounds "9"]
[EventCountry "ITA"]
[SourceTitle "EXT 2020"]
[Source "ChessBase"]
[SourceDate "2019.10.17"]
[SourceVersion "1"]
[SourceVersionDate "2019.10.17"]
[SourceQuality "1"]

1. d4 d5 2. Bg5 c6 3. Nd2 Bf5 4. e3 h6 5. Bh4 Nd7 6. Bd3 Bxd3 7. cxd3 Ngf6 8. Ngf3 e6 9. 0-0 Be7 10. Qc2 g5 11. Bg3 Nh5 12. Ne5 0-0 13. Nb3 Nxg3 14. hxg3 Kg7 15. Qe2 f6 16. Nxd7 Qxd7 17. e4 Rae8 18. f4 f5 19. Rae1 Bb4 20. Rd1 Be7 21. Nc5 Qc8 22. exf5 Bxc5 23. f6+ Rxf6 24. dxc5 Qc7 25. fxg5 Rxf1+ 26. Rxf1 Qxg3 27. gxh6+ Kxh6 28. Rf3 Qg5 29. Qf2 Qc1+ 30. Kh2 Rh8 31. Qh4+ 1-0

[Event "Muensterland Regionalliga 1819"]
[Site "Germany"]
[Date "2018.09.29"]
[Round "2.7"]
[White "Wild, Helmut"]
[Black "Steffens, Gerd"]
[Result "1-0"]
[WhiteElo "1819"]
[BlackElo "1818"]
[PlyCount "85"]
[EventDate "2018.09.08"]
[EventType "team-tourn"]
[EventRounds "9"]
[EventCountry "GER"]
[SourceTitle "EXT 2020"]
[Source "ChessBase"]
[SourceDate "2019.10.17"]
[SourceVersion "1"]
[SourceVersionDate "2019.10.17"]
[SourceQuality "1"]
[WhiteTeam "Steinfurt"]
[BlackTeam "Olfen"]
[WhiteTeamCountry "GER"]
[BlackTeamCountry "GER"]

1. c4 e6 2. e4 b6 3. a3 Bb7 4. Nc3 c5 5. Nf3 Nc6 6. d4 cxd4 7. Nxd4 Nxd4 8. Qxd4 Ne7 9. Bg5 f6 10. Bh4 Nc6 11. Qd2 Be7 12. Rd1 a6 13. Be2 Rc8 14. b4 Ne5 15. Qa2 0-0 16. 0-0 f5 17. Bxe7 Qxe7 18. exf5 Rxf5 19. f4 Ng6 20. g3 Kh8 21. Bd3 Rf6 22. Ne4 Rff8 23. Qf2 d5 24. cxd5 exd5 25. Ng5 Qf6 26. Rfe1 Rfe8 27. Re3 h6 28. Nf3 Rcd8 29. Rde1 Rxe3 30. Rxe3 d4 31. Re1 Kg8 32. Bc4+ Kf8 33. Re6 Qf5 34. Nxd4 Qg4 35. Qe2 Qxe2 36. Nxe2 b5 37. Bb3 Ne7 38. Kf2 Rd2 39. Rb6 Rd7 40. Be6 Rc7 41. Nd4 Nc8 42. Rxb7 Rxb7 43. Bxc8 1-0

[Event "Muensterland Regionalliga 1516"]
[Site "Germany"]
[Date "2015.12.05"]
[Round "4.4"]
[White "Wild, Helmut"]
[Black "Broemmel, Rudolf"]
[Result "0-1"]
[WhiteElo "1932"]
[BlackElo "1902"]
[PlyCount "92"]
[EventDate "2015.09.05"]
[EventType "team"]
[EventRounds "9"]
[EventCountry "GER"]
[SourceTitle "EXT 2017"]
[Source "ChessBase"]
[SourceDate "2016.10.25"]
[SourceVersion "1"]
[SourceVersionDate "2016.10.25"]
[SourceQuality "1"]
[WhiteTeam "Steinfurt"]
[BlackTeam "Raesfeld Erle"]
[WhiteTeamCountry "GER"]
[BlackTeamCountry "GER"]

1. c4 e5 2. Nc3 Nc6 3. g3 g6 4. Bg2 Bg7 5. d3 d6 6. Rb1 Be6 7. b4 Qd7 8. Bd2 Nge7 9. b5 Nd8 10. Nd5 c6 11. Nxe7 Kxe7 12. a4 c5 13. a5 Rb8 14. Qb3 h5 15. h4 f6 16. e3 Nf7 17. Ne2 Nh6 18. Nc3 Nf5 19. Nd5+ Kf7 20. b6 a6 21. Nc7 Ne7 22. Bc3 Nc6 23. Qa4 Nd8 24. Qd1 f5 25. d4 exd4 26. exd4 Bxc4 27. f4 Ne6 28. Nxe6 Qxe6+ 29. Kf2 Rhe8 30. Re1 Bxd4+ 31. Bxd4 Qxe1+ 32. Qxe1 Rxe1 33. Rxe1 cxd4 34. Rc1 d5 35. Rd1 d3 36. Ke3 Ke6 37. Kd4 Kd6 38. Re1 d2 39. Rd1 Re8 40. Rxd2 Re1 41. Rc2 Rd1+ 42. Kc3 Kc5 43. Kb2 Kb4 44. Bf3 Rd3 45. Rxc4+ dxc4 46. Bxb7 Kc5 0-1

[Event "Muensterland Regionalliga 1415"]
[Site "Germany"]
[Date "2015.05.16"]
[Round "9.5"]
[White "Wild, Helmut"]
[Black "Baumann, Stephan"]
[Result "1-0"]
[WhiteElo "1918"]
[BlackElo "1947"]
[PlyCount "93"]
[EventDate "2014.09.20"]
[EventType "team-tourn"]
[EventRounds "9"]
[EventCountry "GER"]
[SourceTitle "EXT 2016"]
[Source "ChessBase"]
[SourceDate "2015.10.08"]
[SourceVersion "1"]
[SourceVersionDate "2015.10.08"]
[SourceQuality "1"]
[WhiteTeam "Steinfurt"]
[BlackTeam "Muenster III"]
[WhiteTeamCountry "GER"]
[BlackTeamCountry "GER"]

1. c4 e5 2. Nc3 Nc6 3. g3 f5 4. Bg2 Nf6 5. d3 Bb4 6. Bd2 0-0 7. a3 Bxc3 8. Bxc3 d6 9. e3 Qe8 10. Ne2 Qh5 11. b4 Nd8 12. c5 Nf7 13. cxd6 cxd6 14. b5 Rb8 15. Bb4 Be6 16. Nc3 Qg6 17. 0-0 Qh6 18. Qd2 Rfd8 19. f4 d5 20. Ne2 e4 21. Nd4 Bd7 22. a4 Re8 23. Rac1 exd3 24. Rfe1 Ne4 25. Qxd3 Rbc8 26. Nb3 Be6 27. Nd4 Bd7 28. Red1 Red8 29. Bf3 Qf6 30. Ba3 a6 31. Qb3 axb5 32. axb5 Be6 33. b6 Rxc1 34. Bxc1 Nfd6 35. Nxe6 Qxe6 36. Qxd5 Kf7 37. Bxe4 fxe4 38. Ba3 Qxd5 39. Rxd5 Ke6 40. Re5+ Kf6 41. g4 Nc8 42. Bc5 Rd1+ 43. Kf2 Rb1 44. Bd4 Kf7 45. Rc5 Nd6 46. Rc7+ Kf8 47. Bc5 1-0

[Event "Muensterland Regionalliga 1415"]
[Site "Germany"]
[Date "2015.04.25"]
[Round "8.5"]
[White "Langhans, Joerg"]
[Black "Wild, Helmut"]
[Result "1/2-1/2"]
[WhiteElo "1955"]
[BlackElo "1918"]
[PlyCount "118"]
[EventDate "2014.09.20"]
[EventType "team-tourn"]
[EventRounds "9"]
[EventCountry "GER"]
[SourceTitle "EXT 2016"]
[Source "ChessBase"]
[SourceDate "2015.10.08"]
[SourceVersion "1"]
[SourceVersionDate "2015.10.08"]
[SourceQuality "1"]
[WhiteTeam "Rheine Klein Berlin"]
[BlackTeam "Steinfurt"]
[WhiteTeamCountry "GER"]
[BlackTeamCountry "GER"]

1. e4 c6 2. d4 d5 3. exd5 cxd5 4. Bd3 Nc6 5. c3 Nf6 6. Bf4 Bg4 7. Qb3 Qc8 8. Nd2 a6 9. Ngf3 Bxf3 10. Nxf3 e6 11. h3 Be7 12. 0-0 0-0 13. Rfe1 b5 14. Ne5 Nxe5 15. Bxe5 Nd7 16. Bf4 Nb6 17. Qc2 g6 18. Qe2 Qd7 19. Qe5 Rfc8 20. h4 Bxh4 21. Bh6 f5 22. g3 Bd8 23. Qxe6+ Qxe6 24. Rxe6 Kf7 25. Rae1 Ra7 26. Re8 Be7 27. Rxc8 Nxc8 28. Bf4 Nb6 29. Kg2 Na4 30. Re2 Rd7 31. Be5 Rb7 32. f3 Nb6 33. g4 fxg4 34. fxg4 Nd7 35. Bf4 Nb6 36. Be5 Nc4 37. Bf4 Rb6 38. Rf2 Kg8 39. Re2 Kf7 40. Rf2 Ke6 41. Kf1 Rb7 42. Re2+ Kf7 43. Rh2 Kg8 44. Rf2 Bh4 45. Bxc4 bxc4 46. Rh2 Rf7 47. Rxh4 Rxf4+ 48. Ke2 h5 49. b4 Kf7 50. Ke3 Re4+ 51. Kf2 Ke6 52. a4 Kd6 53. Rh3 Rxg4 54. Rf3 h4 55. Rf6+ Ke7 56. Rxa6 Kf8 57. a5 Kg7 58. Ra7+ Kh6 59. Ra8 Kg7 1/2-1/2

[Event "Muensterland Regionalliga 1415"]
[Site "Germany"]
[Date "2015.03.14"]
[Round "7.5"]
[White "Wild, Helmut"]
[Black "Haas, Kai Markus"]
[Result "0-1"]
[WhiteElo "1918"]
[BlackElo "1978"]
[PlyCount "56"]
[EventDate "2014.09.20"]
[EventType "team-tourn"]
[EventRounds "9"]
[EventCountry "GER"]
[SourceTitle "EXT 2016"]
[Source "ChessBase"]
[SourceDate "2015.10.08"]
[SourceVersion "1"]
[SourceVersionDate "2015.10.08"]
[SourceQuality "1"]
[WhiteTeam "Steinfurt"]
[BlackTeam "Nienberge"]
[WhiteTeamCountry "GER"]
[BlackTeamCountry "GER"]

1. c4 c5 2. Nc3 g6 3. Nf3 Bg7 4. d4 cxd4 5. Nxd4 Nc6 6. Nb3 Bxc3+ 7. bxc3 f5 8. a4 Nf6 9. e3 Qc7 10. c5 Qe5 11. Bb2 f4 12. Be2 fxe3 13. f3 b6 14. cxb6 axb6 15. 0-0 0-0 16. Qc2 Ba6 17. c4 Qc7 18. Qc3 Na5 19. Qxe3 Nxc4 20. Bxc4+ Qxc4 21. Rfc1 Qe2 22. Qd4 Qd3 23. Qb4 Nd5 24. Qa3 Qe3+ 25. Kh1 Rxf3 26. Bd4 Qf4 27. gxf3 Qxf3+ 28. Kg1 Nf4 0-1

[Event "Muensterland Regionalliga 1415"]
[Site "Germany"]
[Date "2014.11.22"]
[Round "3.6"]
[White "Boehlich, Daniel"]
[Black "Wild, Helmut"]
[Result "1-0"]
[WhiteElo "1853"]
[BlackElo "1918"]
[PlyCount "107"]
[EventDate "2014.09.20"]
[EventType "team-tourn"]
[EventRounds "9"]
[EventCountry "GER"]
[SourceTitle "EXT 2016"]
[Source "ChessBase"]
[SourceDate "2015.10.08"]
[SourceVersion "1"]
[SourceVersionDate "2015.10.08"]
[SourceQuality "1"]
[WhiteTeam "Emsdetten Rochade"]
[BlackTeam "Steinfurt"]
[WhiteTeamCountry "GER"]
[BlackTeamCountry "GER"]

1. d4 d5 2. c4 c6 3. Nf3 Nf6 4. cxd5 cxd5 5. Nc3 Nc6 6. Bf4 a6 7. Rc1 Bf5 8. e3 e6 9. Bd3 Bxd3 10. Qxd3 Bd6 11. Bxd6 Qxd6 12. 0-0 0-0 13. a3 Na5 14. Na4 Nc4 15. Rc2 Nd7 16. b4 Qc6 17. Nc5 f6 18. Qb3 b6 19. Nxd7 Qxd7 20. a4 Rfc8 21. Rfc1 b5 22. a5 Rc6 23. Ne1 e5 24. dxe5 fxe5 25. Nd3 Rg6 26. Ne1 Rd8 27. Qd3 Qd6 28. Rb1 Rh6 29. h3 e4 30. Qb3 Qg6 31. Kf1 Qg5 32. Rd1 Rhd6 33. Qc3 Rf8 34. Re2 Rdf6 35. Qd4 Rxf2+ 36. Rxf2 Nxe3+ 37. Kg1 Rxf2 38. Kxf2 Nxd1+ 39. Qxd1 Qe5 40. Nc2 g5 41. Qd4 Qf4+ 42. Ke2 g4 43. Qxd5+ Kg7 44. Qd7+ Kf6 45. Qxg4 Qxg4+ 46. hxg4 Kg5 47. Nd4 Kxg4 48. Nxb5 Kg3 49. Kf1 e3 50. Nd4 h5 51. Ne2+ Kg4 52. b5 axb5 53. a6 b4 54. a7 1-0

[Event "Arco op 32nd"]
[Site "Arco"]
[Date "2010.10.24"]
[Round "9"]
[White "Wild, Helmut"]
[Black "Del Nevo, Claudio"]
[Result "1-0"]
[WhiteElo "1955"]
[BlackElo "1859"]
[PlyCount "59"]
[EventDate "2010.10.16"]
[EventType "swiss"]
[EventRounds "9"]
[EventCountry "ITA"]
[SourceTitle "EXT 2024"]
[Source "ChessBase"]
[SourceDate "2023.10.10"]
[SourceVersion "1"]
[SourceVersionDate "2023.10.10"]
[SourceQuality "1"]

1. c4 d6 2. d4 Nf6 3. Nc3 g6 4. e4 c6 5. f4 Bg7 6. h3 0-0 7. Nf3 Na6 8. Be3 b6 9. Bd3 Bb7 10. 0-0 Nb4 11. Bb1 c5 12. d5 Na6 13. a3 Nc7 14. Bd3 Nd7 15. Qc2 a6 16. Rad1 Bxc3 17. Qxc3 b5 18. b3 bxc4 19. bxc4 Rb8 20. e5 Qe8 21. Rfe1 Qd8 22. f5 f6 23. Bh6 Nxe5 24. Bxf8 Qxf8 25. Nxe5 dxe5 26. fxg6 h6 27. Rxe5 Kg7 28. Rh5 Na8 29. Qd2 Qh8 30. Qe3 1-0

[Event "Arco op 32nd"]
[Site "Arco"]
[Date "2010.10.23"]
[Round "8"]
[White "Wild, Helmut"]
[Black "Naegele, Raimund"]
[Result "1/2-1/2"]
[WhiteElo "1955"]
[BlackElo "1817"]
[PlyCount "97"]
[EventDate "2010.10.16"]
[EventType "swiss"]
[EventRounds "9"]
[EventCountry "ITA"]
[SourceTitle "EXT 2024"]
[Source "ChessBase"]
[SourceDate "2023.10.10"]
[SourceVersion "1"]
[SourceVersionDate "2023.10.10"]
[SourceQuality "1"]

1. c4 Nf6 2. Nc3 e5 3. Nf3 Nc6 4. g3 g6 5. Bg2 Bg7 6. Rb1 0-0 7. b4 d6 8. 0-0 Rb8 9. d3 Bd7 10. b5 Ne7 11. a4 Re8 12. Ba3 Nf5 13. Ng5 Nd4 14. e3 Ne6 15. Nge4 Nxe4 16. Bxe4 Nc5 17. Bg2 Bf5 18. e4 Bd7 19. Qc2 Ne6 20. Ne2 g5 21. Bb2 Qf6 22. f4 gxf4 23. Nxf4 Nxf4 24. Rxf4 Qg6 25. Rf2 Rf8 26. Rbf1 Be6 27. Bc1 Kh8 28. Be3 b6 29. a5 Rg8 30. Qd2 Rbc8 31. Bg5 Rcf8 32. Be7 Re8 33. Bf6 Ref8 34. Qe3 Ra8 35. Bxg7+ Qxg7 36. Rf6 Qg5 37. Qxg5 Rxg5 38. Ra1 Rgg8 39. Rf2 a6 40. axb6 axb5 41. Rfa2 Rxa2 42. Rxa2 cxb6 43. Ra6 bxc4 44. dxc4 Bxc4 45. Rxb6 Rd8 46. Rc6 Be6 47. Rc2 Kg7 48. h3 Kf8 49. g4 1/2-1/2